• 首页
  • 本馆介绍
  • 公告通知
  • 最新文献
  • 馆藏检索
  • 电子资源
  • 读者导购
  • 参考咨询
  • 我的图书馆
  • 登录
  • 详细信息显示
  • 放入我的书架
  • 预约/预借图书
  • 作者相关作品
  • 分类相关作品
  • 丛书相关作品
  • 出版社相关作品

书目信息

  • 表格格式
  • 工作单格式
  • 卡片格式
题名:
生态梅州建设的战略思考
    
 
作者: 陈章和 编
分册:  
出版信息: 北京   科学出版社  2004.12
页数:
开本: 16开
丛书名:
单 册:
中图分类: F127.653
科图分类:
主题词: 经济--中国
电子资源:
ISBN: 7-03-014733-2
000 00552nam0 2200181 450
001 0736196517
005 20070924100316.51
010    @a7-03-014733-2@d¥24.00
100    @a20070924d km y0chiy0120 ea
101 0  @achi
200 1  @a生态梅州建设的战略思考@Asheng tai mei zhou jian she de zhan lue si kao@f陈章和 等编@Fchen zhang he deng bian
210    @a北京@c科学出版社@d2004.12
215    @d16开
606 0  @a经济@x中国
690    @aF127.653@v3
701  0 @a陈章和@Achen zhang he@4编
801  0 @aCN@bPFT@c20070924
905    @a213230@dF127.653@eZY15@f1
    
    生态梅州建设的战略思考/陈章和 等编.-北京:科学出版社,2004.12
    16开
    
    
    ISBN 7-03-014733-2:¥24.00
    
●
相关链接 在E读中查询图书 在五车中查询图书 在当当中查询图书 在豆瓣中查询图书


正题名:生态梅州建设的战略思考     索取号:F127.653/ZY15         预约/预借

序号 登录号 条形码 馆藏地/架位号 状态 备注
1 7902085   279020854   密集书库-资源管理系/ [索取号:F127.653/ZY15] 在馆    
唐山师范学院图书馆 欢迎您!
大连网信软件有限公司© 版权所有